Elementary theory of analytic functions of one or several complex variables

Zapisane w:
Opis bibliograficzny
1. autor: Cartan, Henri Paul (Autor)
Format: Książka
Język:angielski
Wydane: París Editions Scientifiques Hermann 1963
Hasła przedmiotowe:
Etykiety: Dodaj etykietę
Nie ma etykietki, Dołącz pierwszą etykiete!

MARC

LEADER 00000cam a2200000 a 4500
001 UCF2432
003 CL-VaPUC
008 120824e19630000FR |||||||||||||||||eng|d
082 0 4 |a 515.9  |b CAR  |2 21 
100 |a Cartan, Henri Paul  |e author  |9 304666 
245 1 0 |a Elementary theory of analytic functions of one or several complex variables 
300 |a 226 p 
942 |c BK 
945 |d 20120824 00:00:00  |a dcastane 
260 |a París  |b Editions Scientifiques Hermann  |c 1963 
650 0 |a Funciones analíticas  |9 270036 
650 0 |a Variables complejas  |9 581247 
650 0 |a Análisis complejo   |9 260214 
650 0 |a Números complejos  |9 270335 
583 |a last modification  |c 20120824 12:41:00  |k Rodrigo Vera 
999 |c 348995  |d 348993